Statistics for 2023-2024 Serie A Clubs

Click here to take the quiz!

General Stats

  • This quiz has been taken 162 times
  • The average score is 15 of 20

Answer Stats

Answer% Correct
Inter Milan
98%
Milan
98%
Juventus
97%
Roma
97%
Lazio
94%
Napoli
94%
Atalanta
84%
Fiorentina
79%
Torino
78%
Cagliari
73%
Sassuolo
70%
Bologna
69%
Udinese
68%
Hellas Verona
61%
Salernitana
61%
Monza
59%
Empoli
57%
Frosinone
56%
Lecce
53%
Genoa
51%

Score Distribution

Percentile by Number Answered

Percent of People with Each Score

Your Score History

You have not taken this quiz